European Union Citizienship - Current Trends
Občianstvo Európskej únie formálne ustanovené Zmluvou o Európskej únii v roku 1992, zavedené s cieľom „posilniť ochranu práv a záujmov štátnych príslušníkov členských štátov“. Za jej založením stála myšlienka, že podľa postavenia občana EÚ štátnym príslušníkom členských štátov by sa tak EÚ priblížil...
Salvato in:
| Autore principale: | |
|---|---|
| Natura: | Capitolo di libro |
| Lingua: | inglese |
| Soggetti: | |
| Tags: |
Nessun Tag, puoi essere il primo ad aggiungerne!!
|
MARC
| LEADER | 00000naa$a2200000$$$4500 | ||
|---|---|---|---|
| 001 | 0276457 | ||
| 005 | 20240502083838.3 | ||
| 041 | 0 | |a eng | |
| 044 | |a UA | ||
| 245 | 1 | 0 | |a European Union Citizienship - Current Trends |c Lucia Bocková |
| 520 | |a Občianstvo Európskej únie formálne ustanovené Zmluvou o Európskej únii v roku 1992, zavedené s cieľom „posilniť ochranu práv a záujmov štátnych príslušníkov členských štátov“. Za jej založením stála myšlienka, že podľa postavenia občana EÚ štátnym príslušníkom členských štátov by sa tak EÚ priblížila k jej občanom. Občianstvo EÚ je právne a politické vyjadrenie členstva vo väčšom spoločenstve ako štát, konkrétne v EÚ. | ||
| 610 | 2 | 0 | |a občianstvo štátne |
| 610 | 2 | 0 | |a Európska únia |
| 610 | 2 | 0 | |a zmluvy |
| 610 | 2 | 0 | |a Súdny dvor Európskej únie |
| 610 | 2 | 0 | |a práva sociálne |
| 610 | 2 | 0 | |a občania |
| 100 | 1 | |a Bocková, Lucia, 1978- | |